|
|
|
|
| LEADER |
01494cas a2200277 a 4500 |
| 001 |
AALejournalIMF006281 |
| 008 |
230101c9999 xx r poo 0 0eng d |
| 020 |
|
|
|c 5.00 USD
|
| 020 |
|
|
|z 9781451962734
|
| 022 |
|
|
|a 1018-5941
|
| 040 |
|
|
|a BD-DhAAL
|c BD-DhAAL
|
| 100 |
1 |
|
|a Laxton, Douglas.
|
| 245 |
1 |
4 |
|a The Global Integrated Monetary and Fiscal Model (GIMF) :
|b Theoretical Structure /
|c Douglas Laxton, Susanna Mursula, Michael Kumhof, Dirk Muir.
|
| 264 |
|
1 |
|a Washington, D.C. :
|b International Monetary Fund,
|c 2010.
|
| 300 |
|
|
|a 1 online resource (73 pages)
|
| 490 |
1 |
|
|a IMF Working Papers
|
| 500 |
|
|
|a <strong>Off-Campus Access:</strong> No User ID or Password Required
|
| 500 |
|
|
|a <strong>On-Campus Access:</strong> No User ID or Password Required
|
| 506 |
|
|
|a Electronic access restricted to authorized BRAC University faculty, staff and students
|
| 520 |
3 |
|
|a This working paper presents a comprehensive overview of the theoretical structure of the Global Integrated Monetary and Fiscal Model (GIMF), a multi-region dynamic general equilibrium model that is used by the IMF for a variety of tasks including policy analysis, risk analysis, and surveillance.
|
| 538 |
|
|
|a Mode of access: Internet
|
| 700 |
1 |
|
|a Kumhof, Michael.
|
| 700 |
1 |
|
|a Muir, Dirk.
|
| 700 |
1 |
|
|a Mursula, Susanna.
|
| 830 |
|
0 |
|a IMF Working Papers; Working Paper ;
|v No. 2010/034
|
| 856 |
4 |
0 |
|z Full text available on IMF
|u http://elibrary.imf.org/view/journals/001/2010/034/001.2010.issue-034-en.xml
|z IMF e-Library
|